000 02255cam a2200289 4500500
005 20260405004130.0
041 _afre
042 _adc
100 1 0 _aPerulli, Luciano
_eauthor
245 0 0 _aIn Euclid’s Footsteps? Christian Wolff on Common Notions in Ontology
260 _c2025.
500 _a46
520 _aL’article reconstruit la stratégie argumentative de la reductio ad notiones communes proposée par Christian Wolff (1679-1754) dans la Philosophia prima sive Ontologia (1729-1730). Nous situons cette stratégie dans le contexte de l’interprétation wolffienne de la méthode d’Euclide : Wolff entend transposer à l’ontologie l’emploi des notions communes, qui, à son avis, constitue une partie déterminante de la méthode des Éléments d’Euclide. Notre thèse est que le projet wolffien consistant à suivre ce modèle euclidien soulève un problème lié au rôle de l’imagination dans la constitution des notions communes, comme l’analyse de l’élaboration du concept de substance permet de le montrer.
520 _aThis article examines the reductio ad notiones communes, an argumentative strategy Christian Wolff (1679-1754) draws on in his Philosophia prima sive Ontologia (1729-1730). I frame this strategy within the context of Wolff’s interpretation of Euclid’s method, and his attempt to transfer to ontology what he viewed as Euclid’s employment of common notions in the Elements. I then suggest that Wolff’s attempt to reproduce the Euclidean model in first philosophy faces a problem related to the role of the imagination in the constitution of common notions. Finally, I provide an example of how this difficulty plays out in the case of Wolff’s account of substance.
690 _aChristian Wolff
690 _aimagination
690 _anotions communes
690 _aontologie
690 _asens commun
690 _aChristian Wolff
690 _acommon notions
690 _acommon sense
690 _aimagination
690 _aontology
786 0 _nRevue de métaphysique et de morale | - | 4 | 2025-11-13 | p. 581-598 | 0035-1571
856 4 1 _uhttps://shs.cairn.info/revue-revue-de-metaphysique-et-de-morale-2025-4-page-581?lang=en&redirect-ssocas=7080
999 _c2074029
_d2074029